000 00654nam a2200229Ia 4500
003 OSt
005 20140428135127.0
008 140130s9999 xx 000 0 und d
020 _a9780439740791
050 _aE 457.905
_b.D39 2005
100 _aDavis, Kenneth C.
245 _cKenneth C. David.
_aDon't know much about Lincoln /
260 _bScholastic inc.,
_aUSA :
_cc2005.
300 _a144 p. :
_bill. ;
_c23 cm.
440 _v1
521 _aG10
526 _c1040
650 _aLincoln, Abraham, 1809-1865
_xMiscellanea
_xJuvenile literature.
650 _aLincoln, Abraham, 1809-1865
_xMiscellanea.
942 _cBK
_2lcc
999 _c41389
_d41389